000 01108nam a2200301 a 4500
001 6691
003 BD-RjUL
005 20211208234307.0
008 130112s1969 nyua 100 0 eng d
020 _a0124266525
035 _a(BD-RjUL)6732
040 _aDLC
_cDLC
_dDLC
_dBD-RjUL
_beng
041 _aeng
082 0 0 _a519.535
_bMUL 1969
111 2 _aInternational Symposium on Multivariate Analysis,
_n2d,
_cWright State University,
_d1969.
_9114737
245 1 0 _aMultivariate analysis - II :
_bproceedings /
_cEdited by Paruchuri R. Krishnaiah.
260 _aNew York :
_bAcademic Press,
_cc1969.
300 _axx, 696 p. :
_billus. ;
_c24 cm.
500 _a"Sponsored by the Aerospace Research Laboratories, Office of Aerospace Research ... Wright-Patterson Air Force Base, Ohio."
504 _aIncludes bibliographies.
650 0 _aMultivariate analysis.
_924
700 1 _aKrishnaiah, Paruchuri R.,
_eed.
_921035
710 2 _aAerospace Research Laboratories (U.S.)
_921036
710 2 _aWright State University.
_921037
942 _2ddc
_cBK
999 _c6691
_d6691